000 01021cam a2200361 i 4500
001 0000559
003 DO-SdBNP
005 20171113122928.0
007 0000559
008 100514s 2009 sp 000 f spa
015 _a
017 _a
_b
020 _a9788466322621
035 _a
040 _aBPMSU
_bspa
_cBPMSU
_e
080 _a
082 4 _a813
_bY31r
100 1 _aYates, Richard
_d1926-1992
240 1 2 _aRevolutionary road
_leng.
245 1 0 _aVía revolucionaria /
_h
_cRichard Yates ; traducción Luis Murillo Fort
260 _aMadrid :
_bSantillana ediciones generales
_c2009.
300 _a409 p.:
_c20 cm.
490 1 _aPunto de lectura
500 _aIncluye datos biográficos del autor p.4
650 4 _aNOVELA ESTADOUNIDENSE
650 4 _aLITERATURA ESTADOUNIDENSE
700 1 2 _aFort, Luis Murillo
_etrad.
830 0 _aPunto de lectura
910 _aValidado. Control de calidad MFF
942 _2ddc
_cBK
945 _aInventariado, 2017/MFF
956 _aYLOCKWARD
_810
_cBPMSU
999 _c10988
_d10988